Moral education and the liberal arts

Αποθηκεύτηκε σε:
Λεπτομέρειες βιβλιογραφικής εγγραφής
Άλλοι συγγραφείς: Mitias, Michael H. (Επιμελητής έκδοσης)
Μορφή: Βιβλίο
Γλώσσα:English
Δημοσίευση: New York : Greenwood Press, 1992
Σειρά:Contributions to the study of education ; ; 50
Θέματα:
Ετικέτες: Προσθήκη ετικέτας
Δεν υπάρχουν, Καταχωρήστε ετικέτα πρώτοι!

MARC

LEADER 00000nam a2200000 i 4500
001 1/86434
008 990712s1992 eng d
020 |a 0-313-27236-0 
035 |l 10052077 
040 |a GR-MY-UA  |b gre  |e aacr 
041 0 |a eng 
082 0 |a 378.014 
245 1 0 |a Moral education and the liberal arts /  |c edited by Michael H. Mitias 
260 |a New York :   |b Greenwood Press,   |c 1992 
300 |a 180 p. 
490 1 |a Contributions to the study of education  |v ; 50 
650 0 0 |a Moral education (Higher)  |z United States. 
650 0 0 |a Education, Humanistic  |z United States. 
700 1 |a Mitias, Michael H.  |4 edt 
830 0 |a Contributions to the study of education ;  |v ; 50 
852 |a INST  |b RHODES  |e 19990712  |h 378.014 MOR  |p 005400014847  |q 005400014847  |t BK  |y 0 
901 |a BIBL4-1999-2 
909 |a Ρ  |b 065831 
922 |a 4ΕΛΗ  |b 199905  |c ΚΠΣ/154  |d LEADER 
970 |a ΚΟΥΛΑΚΙΟΤΗ  |b ΛΙΤΣΑ  |z 1999/07/12